• 首页
  • 本馆介绍
  • 公告通知
  • 最新文献
  • 馆藏检索
  • 电子资源
  • 读者导购
  • 参考咨询
  • 我的图书馆
  • 登录
  • 详细信息显示
  • 放入我的书架
  • 预约/预借图书
  • 作者相关作品
  • 分类相关作品
  • 丛书相关作品
  • 出版社相关作品

书目信息

  • 表格格式
  • 工作单格式
  • 卡片格式
题名:
智能家居控制系统的设计与开发
    
 
作者: 王立华 编著
分册:  
出版信息: 北京   电子工业出版社  2018.08
页数: 229页
开本: 26cm
丛书名:
单 册:
中图分类: TU241 , TP273
科图分类:
主题词: 住宅--智能化建筑--智能控制--系统设计 , 住宅--智能化建筑--智能控制--系统开发 , 自动化系统
电子资源:
ISBN: 978-7-121-34676-7
000 00933nam0 2200253 450
001 1280
005 20180928114348.62
010    @a978-7-121-34676-7@dCNY69.80
100    @a20180913d2018 em y0chiy50 ea
101 0  @achi
102    @aCN@b110000
105    @aa z 000yy
200 1  @a智能家居控制系统的设计与开发@9zhi neng jia ju kong zhi xi tong de she ji yu kai fa@eTI CC3200+物联网云平台+微信@f王立华[等]编著
210    @a北京@c电子工业出版社@d2018.08
215    @a229页@c图@d26cm
330    @a本书基于TI CC3200 Launchpad、物联网云平台和微信,介绍了整个智能家居控制系统的开发过程,并给出了完整的应用开发实例,反映目前智能家居发展的一些新情况。
606 0  @a住宅@x智能化建筑@x智能控制@x系统设计
606 0  @a住宅@x智能化建筑@x智能控制@x系统开发
606 0  @a自动化系统
690    @aTU241@v5
690    @aTP273@v4
701  0 @a王立华@9wang li hua@4编著
801  0 @aCN@b91MARC@c20180913
905    @aMuseLib@dTP273@e282
    
    智能家居控制系统的设计与开发:TI CC3200+物联网云平台+微信/王立华[等]编著.-北京:电子工业出版社,2018.08
    229页:图;26cm
    
    
    ISBN 978-7-121-34676-7:CNY69.80
    本书基于TI CC3200 Launchpad、物联网云平台和微信,介绍了整个智能家居控制系统的开发过程,并给出了完整的应用开发实例,反映目前智能家居发展的一些新情况。
●
相关链接 在E读中查询图书 在五车中查询图书 在当当中查询图书 在豆瓣中查询图书


正题名:智能家居控制系统的设计与开发     索取号:TP273/282         预约/预借

序号 登录号 条形码 馆藏地/架位号 状态 备注
1 1122187   211221872   第二样本阅览室/ [索取号:TP273/282] 在馆    
2 1122188   211221881   第三借阅区/ [索取号:TP273/282] 在馆    
3 1122189   211221890   第三借阅区/ [索取号:TP273/282] 在馆    
4 1122190   211221907   第三借阅区/ [索取号:TP273/282] 在馆    
5 1122191   211221916   第三借阅区/ [索取号:TP273/282] 在馆    
唐山师范学院图书馆 欢迎您!
大连网信软件有限公司© 版权所有